UBT Library

ESSENTIALS OF HUMAN PHYSIOLOGY (Record no. 59202)

000 -LEADER
fixed length control field 00341nam a22001457a 4500
008 - FIXED-LENGTH DATA ELEMENTS--GENERAL INFORMATION
fixed length control field 221216b ||||| |||| 00| 0 eng d
020 ## - INTERNATIONAL STANDARD BOOK NUMBER
International Standard Book Number 978805373284
041 ## - LANGUAGE CODE
Language code of text/sound track or separate title eng
080 ## - UNIVERSAL DECIMAL CLASSIFICATION NUMBER
Edition identifier EIIGHTH EDITION
Universal Decimal Classification number 611
082 ## - DEWEY DECIMAL CLASSIFICATION NUMBER
Classification number 611MAR
100 ## - Rafti
Rafti 10
101 ## - Shkurtesa
Shkurtesa ANATO
245 ## - TITLE STATEMENT
Title ESSENTIALS OF HUMAN PHYSIOLOGY
Statement of responsibility, etc MARIEB N E
942 ## - ADDED ENTRY ELEMENTS (KOHA)
Source of classification or shelving scheme
Item type Books
Holdings
Withdrawn status Lost status Source of classification or shelving scheme Damaged status Not for loan Collection code Permanent location Current location Date acquired Total Checkouts Full call number Barcode Date last seen Price effective from Koha item type
          Koleksioni i përgjithshem UBT - Lipjan UBT - Lipjan 12/16/2022   611MAR 002-8000287002601146 12/16/2022 12/16/2022 Books
UBT Library © 2015-2024. All rights reserved University Education for Business and Technology